000 01038nam a2200277Ia 4500
001 Para_10009
003 CHAP
008 220125sMayo xx 000 0 und d
010 _a208697
040 _cCHAP
090 _aPA CD - TESIS 90
100 _aOsorio, Gerardo Pablo
_9175097
245 _aEntomofauna asociada al cultivo de papa (Solanum tuberosum L.) y la fluctuación poblacional de las principales plagas en Chapingo, estado de México /
_c Gerardo Pablo Antonio; Director Juan Fernando Solís Aguilar
260 _aChapingo, Méx. :
_b el autor
300 _a1 CDS ROM (53 p.)
502 _aTesis (Ing. Agr. Esp. en Parasitología Agrícola). UACh. Departamento Parasitología Agrícola
700 _aSolís Aguilar, Juan Fernando. Director
_9171333
710 _aUACh. Departamento Parasitología Agrícola
_9164025
901 _aPA CD - TESIS 90
902 _aM
905 _a513220Mayo, 2011 amn 8100000000 06
910 _aMayo
942 _cPARA
942 _cPARA
_d2
999 _c208697
_d208697